01581nam a2200313 u 450000100070000000500170000700800410002403500110006503500210007604000130009704100080011008200080011810000290012624500770015526000270023230000470025950504410030650500710074765000370081865000360085565000540089165000530094565000350099865000270103365000290106094200090108999900190109895201500111790406720260506154013.0041215s2003 spa  a904067 a(OCoLC)760404784 ccomduadb aspa 4a06900aUnesco4auteaut954512910aTráfico ilícito de bienes culturales en América Latina y el Caribe aCuba :bUnesco,c2003. a82 páginas :bilustraciones +e1 CD ROM. aCONTENIDO : Para un mejor conocimiento y uso en la región de América latina y el caribe de la convención UNESCO 1970. -- La convención de 1970, instrumento internacional para la protección del patrimonio cultural mueble de las naciones. -- Agentes y acciones para la defensa del patrimonio cultural mueble. -- El tráfico ilícito de bienes culturales muebles en américa latina y el caribe. -- Conclusiones. -- Documentos.80tTrafico ilicito de bienes culturales en America Latina y el Caribe 7aPatrimonio cultural2lemb942119 aTrafico de obras de arte971814 7aProtección del patrimonio cultural2lemb946103 aPatrimonio cultural mueble - Legislacion9135657 aConvencion Unesco 19709136108 aAmérica Latina91288 aCaribe (Región)917201 cBOOK c329377d329377 001040708GENaBCbBCd2004-12-15eMaterial adquirido por donacióniC851485l0o069.54 U56p0553962r2023-04-25 00:00:00t1w2023-04-25yBOOK